00290nam a22001097a 4500020002200000082001400022100001900036245004700055260004700102300000800149650002300157 a978-8-184-00658-2 a923.1 MAS aMasani, Zareer aMacaulay: Pioneer of India's Modernization aGurgaon, IndiabPenguin Random Housec2012 a269 aMacaulay-Biography